| 000 | 00575nam a2200181Ia 4500 | ||
|---|---|---|---|
| 008 | 100921s9999 xx 000 0 und d | ||
| 082 |
_b8515 _a820 थ 37 |
||
| 100 | _aLaski Harold. | ||
| 245 | _aLiberty In The Modern State. | ||
| 260 |
_bपेंग्वीन बुक्स,ग्रेट ब्रिटन. _c1937 |
||
| 300 |
_a212 _b--- |
||
| 365 | _b0 | ||
| 520 | _aललित इंग्रजी. | ||
| 630 | _aLiberty In The Modern State. | ||
| 650 | _aललित इंग्रजी. | ||
| 730 | _aLiberty In The Modern State. | ||
| 942 | _cBOOK | ||
| 999 |
_c757628 _d757625 |
||